000 00774nam a2200241Ia 4500
003 OSt
005 20220923213222.0
006 a|||||r|||| 00| 0
007 ta
008 220922b |||||||| |||| 00| 0 hin d
024 _a159,921
037 _cTextual
040 _aARTS
_cARTS
_bhin
041 _2hin
_ahin
082 _aO152,3vN5, J8
100 _aतिवारी, गोपीनाथ
_9156271
245 0 _aऐतिहासिक उपन्यास और उपन्यासकार
246 _aAitihāsik upanyās aur upanyāsakāra
260 _c1958
650 _aहिन्दी साहित्य
_9156264
942 _hO152,3vN5, J8
_cTEXL
_2CC
999 _c314668
_d314668